| 000 | 02078nam a2200277Ia 4500 | ||
|---|---|---|---|
| 999 |
_c52706 _d52706 |
||
| 001 | 19731 | ||
| 003 | GE_BSU | ||
| 005 | 20200412152315.0 | ||
| 008 | 181216s2012||||ge |||||||||||||| ||geo|| | ||
| 020 | _a9789941050909 | ||
| 040 | _cGE_BSU | ||
| 041 | _ageo | ||
| 080 | _a821.353.1-83 ს-27 | ||
| 245 |
_aსაუბრები ლიტერატურაზე : ლიტინტერვიუები თითქმის მსგავსი შეკითხვებით : _bკრებული / |
||
| 264 |
_aთბილისი : _bსაქართველოს პარლამენტის ეროვნული ბიბლიოთეკა, _c2012. |
||
| 300 |
_a261 გვ. ; _c20 სმ. |
||
| 490 | _a ლიტერატურული ფორუმი "ებლიტფო" | ||
| 520 | _aკრებულში შესულია ეროვნულ ბიბლიოთეკაში განხორციელებული ელექტრონული პროექტების ,,ორი კითხვა 140ლიტერატურის მოყვარულს"-ბეჭდური ვერსია. | ||
| 653 | _aგანკუთვნილია მათთვის ვისაც უყვარს ლიტერატურა | ||
| 653 | _aლიტერატურული ინტერვიუები | ||
| 653 | _aქართული ლიტერატურა | ||
| 653 | _aკრებული | ||
| 653 | _aკრებულში შესულია ეროვნულ ბიბლიოთეკაში განხორციელებული ელექტრონული პროექტების ,,ორი კითხვა 140ლიტერატურის მოყვარულს"-ბეჭდური ვერსია | ||
| 710 |
_aსაქართველოს პარლამენტის ეროვნული ბიბლიოთეკა _97897 |
||
| 942 |
_cBK _2udc |
||